Guess the Fusion Rock Song Lyrics #30 - Statistics

General Stats
  • This quiz has been taken 24 times
  • The average score is 88 of 159
Answer Stats
Answer % Correct
I
84%
me
79%
to
79%
and
74%
And
74%
can
74%
love
74%
No
74%
no
74%
the
74%
we
74%
We
74%
you
74%
You
74%
be
68%
in
68%
on
68%
who
68%
it
63%
When
63%
why
63%
can't
58%
just
58%
Just
58%
night
58%
up
58%
your
58%
all
53%
baby
53%
don't
53%
Don't
53%
Eagles
53%
our
53%
tell
53%
us
53%
as
47%
get
47%
girl
47%
Girl
47%
have
47%
hold
47%
see
47%
than
47%
too
47%
ain't
42%
at
42%
away
42%
has
42%
keep
42%
Look
42%
stay
42%
time
42%
apart
37%
Cause
37%
crazy
37%
dark
37%
Every
37%
far
37%
make
37%
Something
37%
try
37%
Try
37%
turn
37%
two
37%
walk
37%
wrong
37%
Ah
32%
around
32%
harder
32%
little
32%
lonely
32%
makes
32%
Nothing's
32%
right
32%
Tearing
32%
tight
32%
world
32%
Aren't
26%
head
26%
people
26%
same
26%
Through
26%
worry
26%
years
26%
caught
21%
lived
21%
No matching quizzes found
Score Distribution
Percent of People with Each Score
Percentile by Number Answered
Your Score History
You have not taken this quiz